000 00768nam a2200217Ii 4500
003 JO-AjNU
008 230605s9999||||xx |||||||||||||| ||und||
017 _a2006/3/603
040 _aJO-AjNU
_bara
_erda
_cJO-AjNU
041 _aara
050 1 4 _aHD30.2.M3442.2007
100 3 _aالملكاوي،ابراهيم الخلوف,
_eauthor
_927707
245 0 0 _aإدارة المعرفة:الممارسات والمفاهيم =Knowledge Managcment:Practices&Concepts
250 _aط1
264 3 1 _aعمان:مؤسسة الوراق للنشر والتوزيع،2007
300 _a307ص
336 _atext
_btxt
_2rdacontent
337 _aunmediated
_bn
_2rdamedia
338 _avolume
_bnc
_2rdacarrier
650 4 _aالمعرفة-ادارة المشاريع
_927708
999 _aA10660
_c14228
_d14228